Umweltmanagement in 22 Lektionen <Ein> ökonomischer Weg in eine ökologische Wirtschaft

Salvato in:
Dettagli Bibliografici
Autore principale: Schreiner, Manfred
Natura: Libro
Lingua:tedesco
Pubblicazione: Wiesbaden Gabler 1991
Edizione:2. überarb. Aufl.
Soggetti:
Tags: Aggiungi Tag
Nessun Tag, puoi essere il primo ad aggiungerne!!

MARC

LEADER 00000nam a2200000 4500
001 c000185
005 20221214102246.0
020 |a 3-409-23346-6 
041 0 |a ger 
044 |a DE 
245 1 0 |a Umweltmanagement in 22 Lektionen  |b <Ein> ökonomischer Weg in eine ökologische Wirtschaft  |c Manfred Schreiner 
250 |a 2. überarb. Aufl. 
264 1 |a Wiesbaden  |b Gabler  |c 1991 
300 |a 321 s. 
610 2 0 |a ekológia 
610 2 0 |a ekonómia 
610 2 0 |a prostredie životné 
610 2 0 |a faktory výrobné 
610 2 0 |a ochrana prostredia životného 
610 2 0 |a marketing 
610 2 0 |a manažment 
610 2 0 |a znečistenie ovzdušia 
610 2 0 |a znečistenie vôd 
610 2 0 |a štruktúra organizačná 
100 1 |a Schreiner, Manfred